| 000 | 00739nam a2200217 a 4500 | ||
|---|---|---|---|
| 003 | MX-MxUPN | ||
| 005 | 20231021063551.0 | ||
| 008 | 230926s1989 mx |||||r|||| 000 0 spa d | ||
| 020 | _a9688405744 | ||
| 040 |
_aMX-MxUPN _bspa _cMX-MxUPN |
||
| 041 | 0 | _aspa | |
| 050 | 1 | 4 |
_aH62.5 M6 _bV35 1989 |
| 100 | 1 |
_aValenti Nigrini, Giovanna _933717 |
|
| 245 | 1 | 4 |
_aLos centros de investigación en ciencias sociales en el México actual : _buna visión de conjunto |
| 260 |
_aMéxico, D.F. _bUniversidad Autónoma Metropolitana, _c1989 |
||
| 300 | _a63 páginas | ||
| 490 | 0 |
_aAvances de investigación ; _v10 |
|
| 650 | 4 |
_aCiencias sociales _xInvestigación _zMéxico _910471 |
|
| 902 |
_alc26092023 _bVíctor Ruiz/201023 |
||
| 942 |
_2lcc _cFOLL |
||
| 999 |
_c210383 _d210383 |
||